Les pays les plus doués en langues étrangères dans l'UE - Statistiques

Statistiques générales
  • Ce quiz a été pris 393 fois
  • Le résultat moyen est 5 sur 27
Statistiques - réponses
Hint Réponse % Correct
97% Suède
93%
96% Danemark
26%
60% France
26%
96% Lettonie
21%
79% Allemagne
19%
92% Finlande
18%
96% Lituanie
17%
94% Luxembourg
17%
54% Espagne
16%
65% Italie
16%
85% Pays-Bas
16%
79% Belgique
15%
67% Pologne
14%
69% Portugal
13%
85% Autriche
12%
91% Estonie
11%
66% Grèce
11%
42% Hongrie
11%
87% Slovaquie
11%
79% Tchéquie
11%
92% Malte
10%
37% Roumanie
10%
35% Royaume-Uni
10%
83% Slovénie
10%
74% Croatie
9%
49% Bulgarie
8%
89% Chypre
5%
Aucun quiz correspondant
Distribution des résultats
% des personnes avec chaque résultat
Percentile par nombre de réponses
Votre historique - résultats
Vous n’avez pas pris ce quiz